000 00634nam a22001937a 4500
005 20251108164016.0
008 250721s2001 xx 000 0 ara d
082 1 4 _a332.67356/فطا
100 1 _aالفطافطة، حسن محمد
245 1 0 _aصناديق الإستثمار في الدول العربية نشأتها ,تطورها , خصائصها /
264 1 _aعمان :
_c2001.
300 _a222ص
650 1 7 _aالإستثمار الدولي
650 1 7 _aبنوك الإستثمار
650 1 7 _aالبلدان العربية
650 1 7 _aإتحادات الإستثمار
942 _2ddc
_cBK
999 _c1319
_d1319